El pueblo quiere saber.

Guardado en:
Formato: Deslizar
Series:Educable
Materias:
Etiquetas: Agregar Etiqueta
Sin Etiquetas, Sea el primero en etiquetar este registro!
LEADER 01082ngm a22003015g 4500
001 CEM.cems022187
008 130507b1996##################0###0#####d
005 20241009155040.0
245 0 0 |a El pueblo quiere saber. 
300 |a 21'. 
490 0 |a Educable 
500 |a En soporte VHS, consultar en ventanilla. 
505 0 |a Antecedentes: la monarquía. Situación de la nobleza. Colonización de América. Siglo XVIII: período revolucionario. Emancipación americana. Repercusión en Europa. Revolución francesa. Cisneros. Virreinato del Río de la Plata. 
538 |a Soporte: VHS - Norma: Pal N - Color - Grabación DRD 1996 - Hitachi=2290 
082 9 8 |/ OTT 
653 |a ARGENTINA-HISTORIA 
653 |a REVOLUCION DE MAYO 
653 |a VIRREINATO 
653 |a COLONIZACION 
653 |a EMANCIPACION 
653 |a MONARQUIA 
653 |a CISNEROS 
653 |a CABILDO 
653 |a REVOLUCION FRANCESA 
653 |a CRIOLLOS 
653 |a NIVEL PRIMARIO 
653 |a NIVEL SECUNDARIO 
859 |a CEMS  |b BIB. CEMS - Depto. Recursos Didacticos  |h 982  |i OTT  |k DRD  |p 830.12  |t Ej.1